Podnikateľský plán malých a stredných podnikov bakalárska práca

Gespeichert in:
Bibliographische Detailangaben
1. Verfasser: Ferenčáková, Alica
Körperschaft: Fakulta podnikového manažmentu EU. Katedra podnikovohospodárska
Weitere Verfasser: Uhliar, Miroslav, 1981-
Format: Buch
Sprache:Slowakisch
Veröffentlicht: Bratislava 2018
Tags: Tag hinzufügen
Keine Tags, Fügen Sie das erste Tag hinzu!

MARC

LEADER 00000nbm a2200000 4500
001 0244925
005 20181009111511.0
041 0 |a slo 
044 |a SK 
245 1 0 |a Podnikateľský plán malých a stredných podnikov  |b bakalárska práca  |c Alica Ferenčáková ; školiteľ: Miroslav Uhliar 
264 1 |a Bratislava  |c 2018 
300 |a 50 s. 
100 1 |a Ferenčáková, Alica 
700 1 |a Uhliar, Miroslav, 1981- 
710 2 |a Fakulta podnikového manažmentu EU. Katedra podnikovohospodárska